《世界计划缤纷舞台》英文歌名 #1 - Statistics

General Stats
  • This quiz has been taken 4 times
  • The average score is 6 of 10
Answer Stats
Hint Answer % Correct
At God's Mercy 神のまにまに
100%
Tale of the Deep-sea Lily ウミユリ海底譚
100%
God-ish 神っぽいな
100%
Night Sky Patrol of Tomorrow アスノヨゾラ哨戒班
67%
Composing the Future 悔やむと書いてミライ
33%
Retainer Supplemanting his Lord 下剋上
33%
Hollow 虚ろを扇ぐ
33%
BRING IT ON 劣等上等
33%
DSCF 妄想感傷代償連盟
33%
I am you Iなんです
33%
No matching quizzes found
Score Distribution
Percent of People with Each Score
Percentile by Number Answered
Your Score History
You have not taken this quiz